A history of the USA : (Record no. 131085)
[ view plain ]
| 000 -LEADER | |
|---|---|
| fixed length control field | 00683nam a22002297a 4500 |
| 005 - DATE AND TIME OF LATEST TRANSACTION | |
| control field | 20170124110122.0 |
| 010 ## - LIBRARY OF CONGRESS CONTROL NUMBER | |
| LC control number | 302602 |
| 020 ## - INTERNATIONAL STANDARD BOOK NUMBER | |
| Terms of availability | 00.00 |
| 035 ## - SYSTEM CONTROL NUMBER | |
| System control number | 302602 |
| 037 ## - SOURCE OF ACQUISITION | |
| Source of stock number/acquisition | Cen Lib/Ret |
| 040 ## - CATALOGING SOURCE | |
| Original cataloging agency | DPL |
| Language of cataloging | EN |
| 082 ## - DEWEY DECIMAL CLASSIFICATION NUMBER | |
| Classification number | 973 |
| Item number | MAU |
| 100 ## - MAIN ENTRY--PERSONAL NAME | |
| Personal name | Maurois, Andre |
| 9 (RLIN) | 106019 |
| 245 ## - TITLE STATEMENT | |
| Title | A history of the USA : |
| Statement of responsibility, etc | by Andre Maurois |
| Remainder of title | from Wilson to Kennedy. / |
| 260 ## - PUBLICATION, DISTRIBUTION, ETC. (IMPRINT) | |
| Place of publication, distribution, etc | London |
| Name of publisher, distributor, etc | Weidenfeld and Nicolson |
| Date of publication, distribution, etc | 1964 |
| 270 ## - ADDRESS | |
| Address | 20, New Bond Street |
| City | London |
| 300 ## - PHYSICAL DESCRIPTION | |
| Extent | xii,365p. |
| Dimensions | 19cm(Hb) |
| 500 ## - GENERAL NOTE | |
| General note | Includes bibliographical reference and index |
| 650 ## - SUBJECT ADDED ENTRY--TOPICAL TERM | |
| Topical term or geographic name as entry element | Histor of USA |
| 9 (RLIN) | 30782 |
| 650 ## - SUBJECT ADDED ENTRY--TOPICAL TERM | |
| Topical term or geographic name as entry element | United States |
| 9 (RLIN) | 106020 |
| 942 ## - ADDED ENTRY ELEMENTS (KOHA) | |
| Source of classification or shelving scheme | Dewey Decimal Classification |
| Koha item type | English Books |
| Classification part | 973 |
| Call number suffix | MAU |
| Withdrawn status | Lost status | Damaged status | Not for loan | Home library | Current library | Date acquired | Source of acquisition | Cost, normal purchase price | Total Checkouts | Total Renewals | Full call number | Barcode | Date last seen | Date checked out | Copy number | Cost, replacement price | Price effective from | Koha item type |
|---|---|---|---|---|---|---|---|---|---|---|---|---|---|---|---|---|---|---|
| Central Library | Central Library | 13/07/2015 | Cen Lib/Ret | 0.00 | 5 | 1 | 973 MAU | 302602 | 04/10/2019 | 18/09/2019 | 1 | 0.00 | 13/07/2015 | English Books |
